[Event "ICS Rated blitz match"]
[Site "204.178.125.65"]
[Date "2000.03.11"]
[Round "?"]
[White "PostModernist"]
[Black "Hossa"]
[Result "0-1"]
[WhiteElo "2610"]
[BlackElo "2449"]
[PlyCount "330"]

1. d4 d5 2. Nf3 Nf6 3. e3 e6 4. Bd3 c5 5. b3 cxd4 6. exd4 Nc6 7. O-O Bd6 8. a3
O-O 9. Re1 Bd7 10. Nc3 Qa5 11. Nb5 Bb4 12. Bd2 Bxd2 13. Qxd2 Qxd2 14. Nxd2 a6
15. Nd6 Nxd4 16. Nxb7 Rfc8 17. Rac1 Rc7 18. Na5 Rac8 19. c4 Be8 20. b4 Bb5 21.
Rc3 dxc4 22. Bxc4 g6 23. f3 h6 24. h3 Nd5 25. Rd3 Nc2 26. Re4 Nf6 27. Bxb5 axb5
28. Re5 Nd5 29. Rb3 Rc3 30. Nb1 Rxb3 31. Nxb3 Nxa3 32. Nxa3 Rc3 33. Nxb5 Rxb3
34. Re4 Nxb4 35. Kh2 Nc2 36. Nd6 Rd3 37. Rc4 Rxd6 38. Rxc2 Kg7 39. h4 e5 40.
Rc8 f5 41. Re8 Kf6 42. Rf8+ Ke7 43. Rh8 h5 44. Kg3 Rc6 45. Rg8 Kf7 46. Rb8 Ra6
47. Kh3 Ra3 48. Rb7+ Kf6 49. Rb6+ Kg7 50. Rb7+ Kh6 51. Re7 Re3 52. Kh2 Re1 53.
Kg3 Re2 54. Ra7 e4 55. Ra8 Rd2 56. fxe4 fxe4 57. Re8 Rd4 58. Kf4 e3+ 59. Kg3
Rd3 60. Kf3 Rd6 61. Kxe3 Rf6 62. Rc8 Re6+ 63. Kf4 Re2 64. Kf3 Rb2 65. Rc6 Rb7
66. Re6 Ra7 67. Re4 Ra6 68. Kf4 Rc6 69. Rd4 Rc3 70. Ra4 Kg7 71. Rb4 Ra3 72. Rd4
Kh6 73. Rc4 Ra2 74. g3 Ra3 75. Rd4 Rb3 76. Re4 Rc3 77. Rb4 Rd3 78. Ra4 Kh7 79.
Ra6 Rc3 80. Rb6 Rc7 81. Rb3 Rf7+ 82. Ke5 Kh6 83. Kd6 Rf1 84. Re3 Rb1 85. Rf3
Ra1 86. Ke7 Rc1 87. Kf7 Rb1 88. Kg8 Ra1 89. Re3 Ra7 90. Rd3 Rb7 91. Rd8 Rg7+
92. Kf8 Ra7 93. Rd6 Ra3 94. Rd7 Ra6 95. Kf7 Rc6 96. Ke7 Rc3 97. Kf8 Re3 98. Kg8
Re8+ 99. Kf7 Rb8 100. Ke7 Rb3 101. Kf7 Rb1 102. Rc7 Rb6 103. Rc3 Rb7+ 104. Ke6
Kg7 105. Rf3 Rb6+ 106. Kd5 Rb8 107. Kd6 Kh6 108. Kd7 Ra8 109. Re3 Rf8 110. Kc6
Rc8+ 111. Kb7 Rc2 112. Rb3 Rc5 113. Kb6 Rc4 114. Rd3 Rc2 115. Kb7 Ra2 116. Kc6
Rb2 117. Rf3 Rc2+ 118. Kd6 Rd2+ 119. Ke6 Rd4 120. Ke5 Rd7 121. Rf4 Rd3 122. g4
hxg4 123. Rxg4 Rf3 124. Ke6 Rf1 125. Kd6 Rd1+ 126. Kc6 Rd3 127. Kb7 Rc3 128.
Kb6 Rc2 129. Kb7 Rf2 130. Kc7 Rf7+ 131. Kd6 Rf6+ 132. Kc5 Kh5 133. Rb4 Rf1 134.
Kd5 Rh1 135. Re4 Rxh4 136. Re8 Rb4 137. Rh8+ Kg4 138. Kc5 Rf4 139. Ra8 g5 140.
Kd5 Kh4 141. Ke5 Rb4 142. Rh8+ Kg3 143. Kd5 g4 144. Kc5 Rf4 145. Kd5 Kf3 146.
Ra8 g3 147. Ra3+ Kg2 148. Ke5 Rh4 149. Kf6 Kh2 150. Ra5 g2 151. Rg5 g1=Q 152.
Rxg1 Kxg1 153. Kf5 Kf2 154. Ke5 Ke3 155. Kd6 Re4 156. Kd7 Kd4 157. Kd6 Kc4 158.
Kc6 Rd4 159. Kb6 Rd6+ 160. Kb7 Kb5 161. Kc7 Rd5 162. Kb7 Rc5 163. Ka7 Kc6 164.
Ka6 Kc7 165. Ka7 Ra5# 0-1

[Event "ICS Rated bullet match"]
[Site "204.178.125.65"]
[Date "2000.03.11"]
[Round "?"]
[White "Tinker"]
[Black "Hossa"]
[Result "1-0"]
[WhiteElo "2328"]
[BlackElo "2408"]
[PlyCount "85"]

1. e4 c5 2. Nc3 d6 3. Nf3 Nf6 4. Bc4 Nc6 5. d4 cxd4 6. Nxd4 e5 7. Nxc6 bxc6 8.
Qe2 Be7 9. Be3 O-O 10. O-O-O a5 11. h3 Rb8 12. g4 Be6 13. Bxe6 fxe6 14. g5 Ne8
15. Qg4 Nc7 16. g6 h6 17. Qh5 Bh4 18. f3 d5 19. Na4 Be7 20. Bd2 Bb4 21. Bxh6
gxh6 22. Qxh6 Qe7 23. exd5 cxd5 24. g7 Rfd8 25. Rhg1 Bc5 26. Qh8+ Kf7 27. Qh7
Be3+ 28. Kb1 Ke8 29. g8=Q+ Kd7 30. Rg7 Re8 31. Rxe7+ Rxe7 32. Qxe7+ Kxe7 33.
Qxb8 Kd7 34. a3 Bd4 35. f4 Kd6 36. c3 Bf2 37. fxe5+ Kc6 38. Rf1 Ba7 39. Qxa7 d4
40. Qb6+ Kd7 41. Nc5+ Ke8 42. Qb8+ Ke7 43. Qf8# 1-0

[Event "ICS rated blitz match"]
[Site "204.178.125.65"]
[Date "2000.03.11"]
[Round "?"]
[White "Tinker"]
[Black "Hossa"]
[Result "1-0"]
[WhiteElo "2446"]
[BlackElo "2490"]
[PlyCount "131"]

1. e4 c5 2. Nc3 Nc6 3. Nge2 e6 4. d4 cxd4 5. Nxd4 Bb4 6. a3 Bxc3+ 7. bxc3 Nf6
8. Nxc6 bxc6 9. Bg5 h6 10. Bh4 g5 11. Bg3 d5 12. Qd4 O-O 13. Bc7 Qxc7 14. Qxf6
Qf4 15. Qxh6 Qxe4+ 16. Kd2 Qf4+ 17. Kd1 Qh4 18. Qxh4 gxh4 19. Rb1 e5 20. Rb4 e4
21. h3 Bf5 22. Rg1 Kh7 23. Rb7 Be6 24. Be2 Rab8 25. Rb3 Rg8 26. Rxb8 Rxb8 27.
Kc1 Rg8 28. Bf1 Rg6 29. g3 Kg7 30. Kd2 hxg3 31. fxg3 c5 32. Ke3 f5 33. Kf4 a5
34. h4 Kf7 35. Ke5 Rh6 36. Bb5 Ke7 37. Bc6 Rh5 38. Rg2 f4+ 39. Kxf4 Kd6 40. Bb7
Rf5+ 41. Ke3 Rf1 42. a4 Bg4 43. Ba6 Ra1 44. Kf4 Bf3 45. Rh2 Rxa4 46. h5 Bd1 47.
h6 e3+ 48. Kxe3 d4+ 49. cxd4 cxd4+ 50. Ke4 d3+ 51. Kxd3 Bxc2+ 52. Rxc2 Rg4 53.
h7 Rxg3+ 54. Ke2 Rh3 55. Bd3 Rh2+ 56. Kf3 Rh3+ 57. Kg4 Rh6 58. Kg5 Rh3 59. Bf5
Rh1 60. Rc3 a4 61. Bh3 Re1 62. h8=Q Kd5 63. Bg2+ Kd6 64. Qf6+ Re6 65. Qd8+ Ke5
66. Rc5# 1-0

[Event "ICS Rated blitz match"]
[Site "204.178.125.65"]
[Date "2000.03.11"]
[Round "?"]
[White "Amateur"]
[Black "Hossa"]
[Result "1-0"]
[WhiteElo "2505"]
[BlackElo "2472"]
[PlyCount "152"]

1. e4 c5 2. c3 d5 3. exd5 Qxd5 4. d4 e6 5. Nf3 Nf6 6. Na3 Qd8 7. Bg5 cxd4 8.
Bxf6 gxf6 9. Nxd4 Bd7 10. Ndb5 Bc6 11. Qxd8+ Kxd8 12. Nd4 Bxa3 13. Nxc6+ Nxc6
14. bxa3 Kc7 15. Ke2 Rad8 16. Rb1 Rd5 17. Ke3 Rhd8 18. Rb5 Rd1 19. f3 f5 20. f4
Rc1 21. Rb2 Na5 22. Kf2 Nc4 23. Re2 Rxc3 24. g3 Rd2 25. a4 Rd4 26. Bg2 Nd2 27.
Rhe1 Kb8 28. a5 Ra3 29. Rc1 Rxa5 30. Ke1 Rc4 31. Rxc4 Nxc4 32. Bf3 Rc5 33. a4
Ra5 34. Bh5 Nd6 35. Rd2 Kc7 36. Ra2 Kd7 37. Bd1 b5 38. Ra3 Ke7 39. Rc3 bxa4 40.
Ra3 Nb5 41. Rxa4 Rxa4 42. Bxa4 Nd4 43. Bd1 a5 44. Kd2 Kd6 45. Bh5 f6 46. Kc3
Kc5 47. Be8 e5 48. Bd7 e4 49. Kd2 Kb4 50. Ke3 Kc3 51. Ba4 Kc4 52. Bd7 Kd5 53.
h4 Kc4 54. h5 Nc2+ 55. Kd2 Kb3 56. h6 Nd4 57. Ke3 Kc3 58. Be8 Nc2+ 59. Ke2 Kb2
60. Bg6 a4 61. Bxh7 Nd4+ 62. Ke3 a3 63. Bg8 Nb3 64. h7 a2 65. h8=Q a1=Q 66.
Qxf6+ Kc1 67. Qxa1+ Nxa1 68. Kd4 Kd2 69. Ke5 e3 70. Bc4 Nc2 71. Kxf5 e2 72.
Bxe2 Kxe2 73. Ke4 Ne1 74. g4 Nd3 75. g5 Nf2+ 76. Kf5 Nh1 1-0

[Event "ICS rated blitz match"]
[Site "204.178.125.65"]
[Date "2000.03.11"]
[Round "?"]
[White "Hossa"]
[Black "Beadle"]
[Result "1-0"]
[WhiteElo "2458"]
[BlackElo "2488"]
[PlyCount "147"]

1. e4 e5 2. Nf3 Nc6 3. Nc3 g6 4. Bc4 Bc5 5. Na4 Bb6 6. Nxb6 axb6 7. d3 Nge7 8.
Bh6 d6 9. Ng5 d5 10. exd5 Nxd5 11. Ne4 Nce7 12. Bg7 Rf8 13. O-O f6 14. Bxf8
Kxf8 15. Re1 Kg7 16. d4 f5 17. Bxd5 Nxd5 18. dxe5 fxe4 19. c4 Be6 20. cxd5 Bxd5
21. Qd4 c5 22. Qd2 Bc6 23. Qxd8 Rxd8 24. Re3 Kf7 25. Rh3 Ke6 26. Rxh7 e3 27. f3
Kxe5 28. Re7+ Kf4 29. Re1 Rd3 30. b3 Bd5 31. h3 b5 32. h4 c4 33. bxc4 bxc4 34.
Kh2 Rc3 35. a4 Rd3 36. a5 Ra3 37. Kh3 Rd3 38. Rb1 Bc6 39. Rb4 Rd4 40. Kh2 Kf5
41. Kg3 Bd5 42. Rxe3 Rd2 43. Rb6 Ra2 44. Rd6 Rxa5 45. Re2 Rb5 46. Kf2 Bxf3 47.
gxf3 g5 48. hxg5 Kxg5 49. Kg3 Kf5 50. Re4 Rc5 51. Rf4+ Ke5 52. Rfd4 Kf5 53. Rh6
Ke5 54. Rd7 Rc6 55. Rh5+ Ke6 56. Rxb7 Kd6 57. Rh6+ Kc5 58. Rxc6+ Kxc6 59. Rb4
Kc5 60. Rb8 Kd4 61. Rc8 Kd3 62. f4 c3 63. Kf3 Kd2 64. f5 c2 65. f6 c1=Q 66.
Rxc1 Kxc1 67. f7 Kd2 68. f8=Q Kc3 69. Qf4 Kb3 70. Ke3 Kc3 71. Qa4 Kb2 72. Kd3
Kb1 73. Kc3 Kc1 74. Qa1# 1-0

[Event "ICS rated blitz match"]
[Site "204.178.125.65"]
[Date "2000.03.11"]
[Round "?"]
[White "Beadle"]
[Black "Hossa"]
[Result "1-0"]
[WhiteElo "2471"]
[BlackElo "2481"]
[PlyCount "90"]

1. e4 e5 2. Nf3 Nc6 3. Bc4 Bc5 4. c3 Nf6 5. d3 d6 6. Bb3 O-O 7. h3 d5 8. exd5
Nxd5 9. Bg5 Qd6 10. Nbd2 Qe6 11. Ne4 Bb6 12. O-O Qd7 13. c4 Ndb4 14. c5 Ba5 15.
Bc4 Kh8 16. a3 Nd5 17. b4 f6 18. Be3 Bxb4 19. axb4 Ncxb4 20. Bd2 Nc6 21. Qb3
Rd8 22. Rfc1 Nce7 23. d4 Qf5 24. Bd3 Be6 25. Qxb7 Rdb8 26. Qa6 Bc8 27. Qa3 Nf4
28. Bxf4 Qxf4 29. dxe5 fxe5 30. Qa5 Rb3 31. Qxc7 Rxd3 32. Qxe7 Rxf3 33. gxf3 h6
34. Qe8+ Kh7 35. Rd1 Bb7 36. Qe7 Bc6 37. Rd6 Bxe4 38. Rd7 Rg8 39. fxe4 Qxe4 40.
Raxa7 Kh8 41. Rd8 Qg6+ 42. Kh2 Rxd8 43. Qxd8+ Kh7 44. Qf8 e4 45. c6 e3 1-0

[Event "ICS rated blitz match"]
[Site "204.178.125.65"]
[Date "2000.03.12"]
[Round "?"]
[White "Hossa"]
[Black "Tinker"]
[Result "1-0"]
[WhiteElo "2465"]
[BlackElo "2468"]
[PlyCount "123"]

1. d4 d5 2. c4 dxc4 3. Nf3 c5 4. e3 b5 5. Nc3 cxd4 6. Qxd4 Qxd4 7. exd4 Bd7 8.
Ne5 e6 9. Nxd7 Kxd7 10. Nxb5 Nc6 11. Bxc4 a6 12. Nc3 Nxd4 13. O-O Ke8 14. Rd1
e5 15. Nd5 Bd6 16. Be3 Nc2 17. Rac1 Nxe3 18. Nxe3 Be7 19. Bxa6 Kf8 20. Rc8+
Rxc8 21. Bxc8 g6 22. Nc4 f6 23. Nb6 Kf7 24. Bh3 Nh6 25. Rd7 Nf5 26. Bxf5 gxf5
27. a4 Rd8 28. a5 Ke6 29. a6 Rg8 30. Rxe7+ Kxe7 31. a7 Kd6 32. a8=Q Rxa8 33.
Nxa8 Kc6 34. b4 Kb7 35. Kf1 Kxa8 36. Ke2 Kb7 37. Kd3 Kb6 38. g3 Kb5 39. Kc3 Kb6
40. Kc4 Kc6 41. b5+ Kd6 42. Kb4 Kc7 43. Kc5 Kb7 44. Kd5 f4 45. gxf4 exf4 46.
Ke4 Kb6 47. Kxf4 Kxb5 48. Kf5 Kc4 49. f4 h6 50. h4 Kd4 51. Kxf6 Ke4 52. f5 h5
53. Ke6 Kf3 54. f6 Kg4 55. f7 Kxh4 56. Kf5 Kh3 57. Kg5 h4 58. f8=Q Kg2 59. Kxh4
Kh2 60. Qg7 Kh1 61. Kg3 Kg1 62. Qa1# 1-0

[Event "ICS rated blitz match"]
[Site "204.178.125.65"]
[Date "2000.03.12"]
[Round "?"]
[White "Tinker"]
[Black "Hossa"]
[Result "0-1"]
[WhiteElo "2452"]
[BlackElo "2481"]
[PlyCount "46"]

1. e4 c5 2. Nc3 Nc6 3. d3 e6 4. Bd2 Nf6 5. Bg5 d5 6. exd5 exd5 7. Nge2 Be7 8.
d4 O-O 9. Bxf6 Bxf6 10. dxc5 Be6 11. a3 Qe7 12. b4 Rfe8 13. Qd3 a5 14. Rb1 Ne5
15. Qd1 Nc4 16. Nb5 Bd7 17. Nbd4 Nxa3 18. Rc1 axb4 19. c6 bxc6 20. Qd3 Qc5 21.
Kd1 Nc4 22. Rb1 Ra1 23. Qb3 Ra3 0-1

[Event "ICS rated blitz match"]
[Site "204.178.125.65"]
[Date "2000.03.12"]
[Round "?"]
[White "Hossa"]
[Black "Tinker"]
[Result "1-0"]
[WhiteElo "2496"]
[BlackElo "2437"]
[PlyCount "123"]

1. e4 e5 2. Bc4 Nc6 3. Nf3 d6 4. Nc3 Bg4 5. d3 Nd4 6. h3 Nxf3+ 7. gxf3 Bh5 8.
Bb3 c6 9. Rg1 Ne7 10. Be3 Qd7 11. Rg3 f5 12. Rg5 g6 13. Rxh5 gxh5 14. f4 O-O-O
15. fxe5 dxe5 16. Bxa7 fxe4 17. Qxh5 Ng6 18. Na4 Bb4+ 19. c3 Ba5 20. Nc5 Nf4
21. Qxe5 Bc7 22. Qxf4 Bxf4 23. Nxd7 Rxd7 24. Be6 exd3 25. Bxd7+ Kxd7 26. Rd1
d2+ 27. Ke2 Ra8 28. Be3 Bxe3 29. fxe3 Rxa2 30. Rxd2+ Ke6 31. e4 Ra1 32. Kf2 Rc1
33. Kg3 Re1 34. Kf4 Rf1+ 35. Kg5 Re1 36. Rd4 b5 37. Kf4 Rf1+ 38. Kg5 Re1 39.
Kh6 c5 40. Rd5 Rxe4 41. Rxc5 Rh4+ 42. Rh5 Rxh5+ 43. Kxh5 Kd5 44. b3 Ke4 45. Kh6
Kd3 46. c4 bxc4 47. bxc4 Kxc4 48. Kxh7 Kd5 49. h4 Ke6 50. Kg7 Kf5 51. h5 Kg5
52. h6 Kf5 53. h7 Ke4 54. h8=Q Kd3 55. Qc8 Ke3 56. Qc3+ Kf4 57. Qd3 Kg4 58. Qe3
Kh4 59. Qf3 Kg5 60. Qe4 Kh5 61. Kf6 Kh6 62. Qh4# 1-0

[Event "ICS rated bullet match"]
[Site "204.178.125.65"]
[Date "2000.03.12"]
[Round "?"]
[White "Hossa"]
[Black "PostModernist"]
[Result "1-0"]
[WhiteElo "2389"]
[BlackElo "2553"]
[PlyCount "169"]

1. d4 d5 2. c4 e6 3. Nc3 c5 4. cxd5 exd5 5. Nf3 Nc6 6. Bg5 Be7 7. Bxe7 Ngxe7 8.
e3 cxd4 9. Nxd4 O-O 10. Nxc6 bxc6 11. Be2 Rb8 12. b3 Qd6 13. O-O Bf5 14. Qd2
Qe5 15. Na4 Be4 16. Nc5 Rfe8 17. Rac1 Bf5 18. Rfe1 Qf6 19. Qa5 Qg6 20. Red1 Bh3
21. Bf3 Nf5 22. Qa4 a5 23. Nd3 Qg5 24. Qf4 Qg6 25. Kf1 Bxg2+ 26. Bxg2 Qh5 27.
Rd2 Ne7 28. Nc5 Ng6 29. Qc7 Rbc8 30. Qg3 Ne7 31. Bh3 f5 32. Bg2 Ng6 33. Qh3
Qxh3 34. Bxh3 Nh4 35. Rdc2 g5 36. Nb7 g4 37. Bg2 Nxg2 38. Kxg2 Ra8 39. Rxc6 Ra7
40. Rc8 Rxc8 41. Rxc8+ Kf7 42. Nd8+ Kf6 43. Rc6+ Ke7 44. Ne6 h5 45. Ng7 a4 46.
Nxf5+ Kf7 47. b4 a3 48. b5 Ke8 49. Rh6 Ra4 50. Rxh5 Rb4 51. Nd6+ Ke7 52. Nc8+
Ke6 53. Rh6+ Ke5 54. Nd6 Rb2 55. Kg3 Rxa2 56. f4+ gxf3 57. Kxf3 Ra1 58. Nf7+
Kf5 59. Ra6 a2 60. Kg2 Ke4 61. Ra3 d4 62. exd4 Kxd4 63. b6 Rb1 64. Rxa2 Rxb6
65. h4 Rf6 66. Rd2+ Ke3 67. Rd7 Rf2+ 68. Kg1 Rf4 69. Re7+ Kd4 70. h5 Kc5 71. h6
Rh4 72. Kf2 Kb4 73. Kg3 Rh1 74. Re4+ Kc3 75. Rh4 Rg1+ 76. Kf2 Rb1 77. h7 Rb8
78. h8=Q+ Rxh8 79. Nxh8 Kc2 80. Rh3 Kc1 81. Ke3 Kb2 82. Kd2 Kb1 83. Kc3 Ka2 84.
Rh1 Ka3 85. Ra1# 1-0

[Event "ICS rated blitz match"]
[Site "204.178.125.65"]
[Date "2000.03.12"]
[Round "?"]
[White "QueenMaxima"]
[Black "Hossa"]
[Result "0-1"]
[WhiteElo "2397"]
[BlackElo "2509"]
[PlyCount "86"]

1. e4 e5 2. Nf3 Nc6 3. Bb5 a6 4. Ba4 Nf6 5. d4 exd4 6. O-O Bc5 7. e5 Ng4 8.
Bxc6 dxc6 9. h3 Nh6 10. Bxh6 gxh6 11. Qd2 Rg8 12. Qxh6 Bf5 13. c3 Rg6 14. Qh5
Be4 15. Nbd2 Bd3 16. e6 Bxf1 17. exf7+ Kxf7 18. Qxc5 dxc3 19. Nxf1 cxb2 20. Rb1
Qd6 21. Qf5+ Kg8 22. Qa5 Rf8 23. Nh4 Rxf2 24. Kxf2 Qd4+ 25. Ne3 Qxh4+ 26. Kg1
Qd4 27. Kf2 Qf4+ 28. Ke2 Qe4 29. g4 Qxb1 30. Qxc7 Re6 31. Qc8+ Kf7 32. Kf2 Qxa2
33. Qd7+ Kf8 34. Qc8+ Re8 35. Qf5+ Qf7 36. Qxf7+ Kxf7 37. Nc4 b1=Q 38. Nd6+ Kf8
39. Nc8 Qe1+ 40. Kf3 Qf1+ 41. Kg3 Re3+ 42. Kh4 Qf4 43. Nb6 Qh6# 0-1

[Event "ICS Rated blitz match"]
[Site "204.178.125.65"]
[Date "2000.03.12"]
[Round "?"]
[White "Hossa"]
[Black "scriabin"]
[Result "1-0"]
[WhiteElo "2520"]
[BlackElo "2120"]
[PlyCount "59"]

1. c4 c5 2. Nc3 g6 3. e3 Bg7 4. d4 Nf6 5. Nf3 O-O 6. d5 e6 7. d6 a6 8. e4 Nc6
9. Be2 e5 10. Bg5 h6 11. Bxf6 Qxf6 12. Nd5 Qxd6 13. Nb6 Qxd1+ 14. Rxd1 Rb8 15.
Nxc8 Rfxc8 16. Rxd7 Rd8 17. Rd5 Rxd5 18. cxd5 Nd4 19. Kd2 b5 20. Rc1 Rc8 21.
Nxd4 exd4 22. Bg4 Re8 23. Rxc5 Rxe4 24. Rc8+ Kh7 25. Bf3 Re7 26. Ra8 Be5 27. h4
Kg7 28. Rxa6 d3 29. Kxd3 Bxb2 30. Rb6 1-0

[Event "ICS rated blitz match"]
[Site "204.178.125.65"]
[Date "2000.03.12"]
[Round "?"]
[White "AdvancedChess"]
[Black "Hossa"]
[Result "1-0"]
[WhiteElo "2617"]
[BlackElo "2523"]
[PlyCount "115"]

1. e4 e5 2. Nf3 Nc6 3. c4 Nf6 4. Nc3 Bb4 5. d3 d6 6. g3 Bg4 7. Bg2 Nd4 8. h3
Bxf3 9. Bxf3 O-O 10. a3 Bc5 11. Be3 c6 12. b4 Bb6 13. O-O Qe7 14. Bg2 Nd7 15.
Ne2 f5 16. Nxd4 exd4 17. Bf4 fxe4 18. Bxe4 Qf6 19. Qh5 g6 20. Qg5 Qe6 21. Qh6
Ne5 22. Rae1 Bc7 23. a4 a5 24. b5 Nf7 25. Qh4 Qd7 26. Qg4 Qxg4 27. hxg4 g5 28.
bxc6 gxf4 29. cxb7 Rae8 30. gxf4 d5 31. Bxd5 Bxf4 32. Rxe8 Rxe8 33. c5 Rd8 34.
Bc4 Kg7 35. c6 Re8 36. Bb5 Bc7 37. f4 Re3 38. Kh1 Rg3 39. Re1 Rxg4 40. Re7 Rh4+
41. Kg2 Bd6 42. Rd7 Rg4+ 43. Kh3 Rg6 44. Rxd6 Nxd6 45. b8=Q Rh6+ 46. Kg3 Rg6+
47. Kf3 Re6 48. Qa7+ Kh6 49. Qxd4 Rg6 50. c7 Nc8 51. f5 Rg8 52. Qf6+ Kh5 53.
Be8+ Rxe8 54. Kf4 Rg8 55. Qf7+ Rg6 56. fxg6 h6 57. Qf5+ Kh4 58. Qg4# 1-0

[Event "ICS rated blitz match"]
[Site "204.178.125.65"]
[Date "2000.03.12"]
[Round "?"]
[White "Hossa"]
[Black "AdvancedChess"]
[Result "0-1"]
[WhiteElo "2518"]
[BlackElo "2648"]
[PlyCount "96"]

1. e4 c5 2. Nf3 e6 3. d4 cxd4 4. Nxd4 Nf6 5. Nc3 Bb4 6. e5 Nd5 7. Qg4 Kf8 8. a3
Bxc3+ 9. bxc3 d6 10. exd6 Qxd6 11. c4 Qe5+ 12. Be2 f5 13. Qh4 Nc6 14. Nxc6 Qxa1
15. Qd8+ Kf7 16. Qxh8 Qxc1+ 17. Bd1 bxc6 18. cxd5 cxd5 19. Qxh7 Ba6 20. Qh5+
Kg8 21. Qg6 Bb5 22. Qg3 Rc8 23. Qb3 a6 24. a4 Rc4 25. O-O Bxa4 26. Qb7 Bb5 27.
Be2 Rxc2 28. Bxb5 axb5 29. Qxb5 Kh7 30. Qd7 Qh6 31. g3 f4 32. gxf4 Qg6+ 33. Kh1
Qg4 34. Qf7 Rc4 35. Qb7 Qf3+ 36. Kg1 Rxf4 37. Qb1+ Kh6 38. Qc1 g5 39. Qc7 d4
40. Qxf4 gxf4 41. Rb1 Qg4+ 42. Kf1 d3 43. Rb8 d2 44. Rh8+ Kg7 45. Rd8 f3 46.
Rd7+ Kf6 47. Rxd2 Qg2+ 48. Ke1 Qg1# 0-1

[Event "ICS rated blitz match"]
[Site "204.178.125.65"]
[Date "2000.03.12"]
[Round "?"]
[White "Hossa"]
[Black "NewZorro"]
[Result "1-0"]
[WhiteElo "2513"]
[BlackElo "2415"]
[PlyCount "89"]

1. e4 c5 2. Nf3 d6 3. d4 Nf6 4. Nc3 cxd4 5. Nxd4 a6 6. Be2 Nbd7 7. O-O g6 8.
Bg5 Bg7 9. Qd2 O-O 10. Bh6 Qb6 11. Bxg7 Kxg7 12. Rab1 Nc5 13. b4 Ne6 14. Nf3
Bd7 15. Nd5 Nxd5 16. exd5 Nd8 17. c4 Rc8 18. Rfc1 Kg8 19. c5 Qa7 20. cxd6 exd6
21. Rxc8 Bxc8 22. Qf4 Qb6 23. Nd2 Bf5 24. Rb2 Re8 25. Nc4 Qb5 26. Qxd6 a5 27.
Ne3 Qa4 28. g4 Be4 29. f3 Qa3 30. Nc4 Qc3 31. Qd7 Kf8 32. Nd6 Qxb2 33. Qxe8+
Kg7 34. Qxd8 Qxe2 35. Ne8+ Kf8 36. Nf6+ Kg7 37. Nxe4 Qxf3 38. Nf2 axb4 39. g5
Qc3 40. Qe7 Qa1+ 41. Kg2 Qxa2 42. d6 Qd5+ 43. Ne4 b3 44. d7 b2 45. Qf6+ 1-0

[Event "ICS rated blitz match"]
[Site "204.178.125.65"]
[Date "2000.03.12"]
[Round "?"]
[White "NewZorro"]
[Black "Hossa"]
[Result "1-0"]
[WhiteElo "2403"]
[BlackElo "2525"]
[PlyCount "113"]

1. Nf3 d5 2. c4 c6 3. e3 Bf5 4. cxd5 cxd5 5. Qb3 Qc8 6. Bb5+ Nc6 7. Qxd5 Nf6 8.
Qb3 a6 9. Bxc6+ Qxc6 10. Nc3 Bd3 11. Ne2 Bxe2 12. Kxe2 e6 13. d3 a5 14. Bd2 Be7
15. Rhc1 a4 16. Qc4 Qxc4 17. Rxc4 b5 18. Rc2 b4 19. Rc4 Nd5 20. Rac1 O-O 21.
Ne5 b3 22. axb3 axb3 23. Nc6 Bf6 24. d4 Ra6 25. e4 Re8 26. Kd3 Ne7 27. Nxe7+
Bxe7 28. Rc8 Ra8 29. Rxe8+ Rxe8 30. Rc3 Rb8 31. Bf4 Rb6 32. Rc8+ Bf8 33. Rb8
Rxb8 34. Bxb8 Be7 35. Kc3 Bh4 36. Bg3 Bxg3 37. fxg3 Kf8 38. Kxb3 Ke7 39. Kc4
Kd6 40. g4 h6 41. h4 g6 42. g5 hxg5 43. hxg5 Kc6 44. b4 Kc7 45. b5 Kd6 46. g3
Kd7 47. Kc5 Kd8 48. b6 Kd7 49. g4 Kc8 50. Kc6 Kd8 51. b7 f5 52. gxf6 Ke8 53.
b8=Q+ Kf7 54. g5 e5 55. Qc7+ Kf8 56. Qe7+ Kg8 57. Qg7# 1-0

[Event "ICS rated blitz match"]
[Site "204.178.125.65"]
[Date "2000.03.12"]
[Round "?"]
[White "NewZorro"]
[Black "Hossa"]
[Result "0-1"]
[WhiteElo "2412"]
[BlackElo "2516"]
[PlyCount "92"]

1. Nf3 d5 2. d4 e6 3. c4 dxc4 4. e3 b5 5. a4 c6 6. b3 Bb4+ 7. Bd2 Bxd2+ 8.
Nfxd2 cxb3 9. axb5 b2 10. Ra2 Ne7 11. Rxb2 O-O 12. Nc3 Bb7 13. Nce4 Nd7 14. Nd6
Qc7 15. Nxb7 Qxb7 16. Bd3 cxb5 17. Rxb5 Qc6 18. O-O Nd5 19. Qc2 Qxc2 20. Bxc2
Nc3 21. Ra5 Ne2+ 22. Kh1 Nf6 23. Bd3 Nc3 24. Rfa1 Rfc8 25. Rxa7 Rxa7 26. Rxa7
Nce4 27. Ba6 Rb8 28. Nf1 Nxf2+ 29. Kg1 N2e4 30. Bb7 h5 31. Ra8 Rxa8 32. Bxa8 h4
33. g3 h3 34. Bc6 g5 35. Bb5 Kg7 36. Bd3 Kh8 37. Bc2 g4 38. Bd3 Kg8 39. Bc2 Kg7
40. Bd3 Kf8 41. Bb5 Nh7 42. Be2 f5 43. Bc4 Nhg5 44. Be2 Nf3+ 45. Bxf3 gxf3 46.
Kh1 f2 0-1

[Event "ICS rated blitz match"]
[Site "204.178.125.65"]
[Date "2000.03.12"]
[Round "?"]
[White "Bonin"]
[Black "Hossa"]
[Result "0-1"]
[WhiteElo "2246"]
[BlackElo "2547"]
[PlyCount "48"]

1. d4 Nf6 2. c4 e6 3. Nf3 b6 4. g3 Ba6 5. Nbd2 Bb7 6. Bg2 c5 7. O-O cxd4 8.
Nxd4 Bxg2 9. Kxg2 Bc5 10. N2b3 O-O 11. Nxc5 bxc5 12. Nb5 d5 13. cxd5 a6 14. Nc3
Nxd5 15. Nxd5 exd5 16. b3 d4 17. Ba3 Qa5 18. Qc1 Nd7 19. Bb2 Qb5 20. Qc4 Qc6+
21. Kg1 Ne5 22. Qc1 Rfe8 23. f4 Ng4 24. Bxd4 Qh6 0-1

[Event "ICS rated blitz match"]
[Site "204.178.125.65"]
[Date "2000.03.12"]
[Round "?"]
[White "Hossa"]
[Black "FermatX"]
[Result "0-1"]
[WhiteElo "2528"]
[BlackElo "2447"]
[PlyCount "142"]

1. e4 e5 2. Nf3 Nc6 3. Bb5 a6 4. Ba4 Nf6 5. O-O Be7 6. Re1 b5 7. Bb3 O-O 8. c3
d5 9. exd5 Nxd5 10. Nxe5 Nxe5 11. Rxe5 c6 12. d4 Bd6 13. Re1 Qh4 14. g3 Qh3 15.
Be3 Bg4 16. Qd3 Bf3 17. Qf1 Qxf1+ 18. Kxf1 Rae8 19. Nd2 Bg4 20. Kg1 Be7 21.
Bxd5 cxd5 22. f3 Bd7 23. Nb3 Bc6 24. Nc5 a5 25. Bf4 Bf6 26. Bd6 Rxe1+ 27. Rxe1
Rd8 28. Bc7 Ra8 29. a3 b4 30. Be5 bxa3 31. bxa3 Re8 32. f4 Be7 33. Rb1 Rc8 34.
Rb6 f6 35. Bb8 g6 36. Rb2 a4 37. Rb1 h5 38. Kf2 Bf8 39. Rb6 Be7 40. Kg1 g5 41.
fxg5 fxg5 42. Be5 g4 43. Ra6 Bf8 44. Ne6 Bxa3 45. Ra7 Bf8 46. Ng5 Re8 47. Rc7
Bb5 48. Rh7 Rxe5 49. dxe5 a3 50. Kg2 Bg7 51. c4 a2 52. cxb5 a1=Q 53. Rxh5 Qb2+
54. Kg1 Qxe5 55. Kf2 Qf5+ 56. Ke2 Qc2+ 57. Ke3 Qg6 58. h4 d4+ 59. Kf4 Qxh5 60.
b6 Be5+ 61. Ke4 Bxg3 62. Kxd4 Bf2+ 63. Kc4 Qxh4 64. b7 g3+ 65. Kb3 Ba7 66. Nf3
Qe4 67. Ng5 Qxb7+ 68. Ka2 Bd4 69. Ka3 Qb2+ 70. Ka4 Bc3 71. Nh3 Qb4# 0-1

[Event "ICS rated blitz match"]
[Site "204.178.125.65"]
[Date "2000.03.12"]
[Round "?"]
[White "joejan"]
[Black "Hossa"]
[Result "0-1"]
[WhiteElo "2195"]
[BlackElo "2523"]
[PlyCount "50"]

1. e4 e5 2. Nf3 Nc6 3. Bb5 a6 4. Bxc6 dxc6 5. Nc3 f6 6. h3 Be6 7. d4 exd4 8.
Nxd4 Bc4 9. Be3 Bb4 10. Qg4 g5 11. O-O-O Qc8 12. Nf5 Bxc3 13. bxc3 h5 14. Qf3
Bxa2 15. e5 Bd5 16. Rxd5 cxd5 17. exf6 Nxf6 18. Bxg5 Ne4 19. Re1 Kd7 20. Bf4
Qf8 21. g4 Qa3+ 22. Kd1 Rae8 23. gxh5 Nxc3+ 24. Kd2 Nb1+ 25. Kd1 Qxf3+ 0-1

[Event "ICS rated blitz match"]
[Site "204.178.125.65"]
[Date "2000.03.12"]
[Round "?"]
[White "Hossa"]
[Black "Amateur"]
[Result "0-1"]
[WhiteElo "2527"]
[BlackElo "2569"]
[PlyCount "102"]

1. d4 Nf6 2. c4 e6 3. Nc3 Bb4 4. e3 b6 5. Bd3 Bb7 6. Nf3 O-O 7. O-O Bxc3 8.
bxc3 c5 9. Re1 Na6 10. e4 d5 11. exd5 exd5 12. Ne5 cxd4 13. cxd4 Nb4 14. Be2
dxc4 15. Bxc4 b5 16. Bb3 Qd6 17. Bf4 Nbd5 18. Qf3 Rac8 19. Bg5 Qb6 20. Ng4 Nxg4
21. Qxg4 Rfe8 22. Qd7 Qc6 23. Qxc6 Bxc6 24. Rac1 Nc3 25. Be7 Bd7 26. Kh1 a5 27.
a3 a4 28. Bd1 b4 29. Bf3 b3 30. Bb7 Rc7 31. Bb4 b2 32. Rf1 bxc1=Q 33. Rxc1 Rxb7
34. Bxc3 Rc7 35. h3 Rec8 36. d5 Rxc3 37. Rf1 Rc1 38. Kg1 Bb5 39. Rxc1 Rxc1+ 40.
Kh2 Rd1 41. Kg3 Rd3+ 42. Kf4 Rxa3 43. Ke5 Rb3 44. f3 a3 45. Kf4 a2 46. Kg4 a1=Q
47. Kh4 Rb4+ 48. Kg3 Qe5+ 49. Kf2 Rb2+ 50. Kg1 Rb1+ 51. Kf2 Rf1# 0-1

[Event "ICS rated blitz match"]
[Site "204.178.125.65"]
[Date "2000.03.12"]
[Round "?"]
[White "Hossa"]
[Black "undertaker1"]
[Result "0-1"]
[WhiteElo "2527"]
[BlackElo "2552"]
[PlyCount "130"]

1. e4 e5 2. Nf3 Nc6 3. Bb5 a6 4. Ba4 Nf6 5. O-O Be7 6. Re1 b5 7. Bb3 d6 8. c3
O-O 9. h3 Na5 10. Bc2 c5 11. d4 Qc7 12. Nbd2 cxd4 13. cxd4 Bb7 14. Nf1 Rac8 15.
Re2 d5 16. dxe5 Nxe4 17. Ng3 f5 18. exf6 Bxf6 19. Bxe4 dxe4 20. Nxe4 Qc6 21.
Rb1 Rfe8 22. Nxf6+ Qxf6 23. Rxe8+ Rxe8 24. Bd2 Nc4 25. Bc3 Bxf3 26. Qxf3 Qxf3
27. gxf3 Re2 28. Rd1 Nxb2 29. Rd8+ Kf7 30. Rd7+ Ke6 31. Rxg7 Nd1 32. Bd4 Rd2
33. Bb6 Rxa2 34. Rxh7 Nc3 35. h4 a5 36. Kh2 b4 37. Rh6+ Kd7 38. Bd4 a4 39. Rb6
Nd5 40. Rb5 Ke6 41. Kg3 Rd2 42. Bg7 Rd1 43. Kh2 a3 44. h5 a2 45. Ra5 b3 46. h6
Kf7 47. Ra7+ Kg6 48. Ra6+ Kh7 49. Ra7 Nb6 50. f4 Rd7 51. Rxd7 Nxd7 52. Bb2 Kxh6
53. f5 Nc5 54. f6 Kg6 55. f4 Nd3 56. f5+ Kf7 57. Bd4 b2 58. Kh3 b1=Q 59. Kg3
Qh1 60. Bc3 Qc1 61. Ba1 Qe3+ 62. Kh4 Nf2 63. Bb2 Qh3+ 64. Kg5 Qg4+ 65. Kh6 Qh4#
0-1